Origination countries in 1943 - Statistics

General Stats
  • This quiz has been taken 3 times
  • The average score is 18 of 38
Answer Stats
Answer % Correct
Aguadise
67%
Ailissine
67%
Alo
67%
Archaea
67%
Awevielle
67%
Bastionspire
67%
Beautanya
67%
Borrasia
67%
Bourke
67%
Dheyvigun
67%
Emeria
67%
Felnia (Independent)
67%
Felnia (United)
67%
Fokelgam
67%
Heritage
67%
Juneblossom Islands
67%
Scaldria
67%
Seoulgam State
67%
Vintarc
67%
Chelrea
33%
Glaiceherg
33%
Humbilia
33%
Ictuan
33%
Lestradise
33%
Lieristria
33%
Marqsburgh
33%
Mielhomoe-Dedarkn'st
33%
Mochlund
33%
Mouradgam
33%
Noritzburgh
33%
Seking
33%
Skyvaria
33%
Szfasafia
33%
Trovaldvillean Union
33%
Demigent
0%
Eliotuan-Gectuan
0%
Reinpac
0%
Sucesnea
0%
No matching quizzes found
Score Distribution
Percent of People with Each Score
Percentile by Number Answered
Your Score History
You have not taken this quiz